<?xml version="1.0" encoding="UTF-8"?>
<record
    xmlns:xsi="http://www.w3.org/2001/XMLSchema-instance"
    xsi:schemaLocation="http://www.loc.gov/MARC21/slim http://www.loc.gov/standards/marcxml/schema/MARC21slim.xsd"
    xmlns="http://www.loc.gov/MARC21/slim">

  <leader>00781caa a22001812a 4500</leader>
  <controlfield tag="001">  005238</controlfield>
  <controlfield tag="003">  AR-FADEU</controlfield>
  <controlfield tag="008">  311216n########xxu####################dd</controlfield>
  <datafield tag="092" ind1=" " ind2=" ">
    <subfield code="a">401.574</subfield>
    <subfield code="b">B615</subfield>
  </datafield>
  <datafield tag="100" ind1=" " ind2=" ">
    <subfield code="a">Bloom, Lois</subfield>
  </datafield>
  <datafield tag="245" ind1=" " ind2=" ">
    <subfield code="a">Representation and expression</subfield>
  </datafield>
  <datafield tag="300" ind1=" " ind2=" ">
    <subfield code="a">PP. 117-140</subfield>
  </datafield>
  <datafield tag="500" ind1=" " ind2=" ">
    <subfield code="a">En: Biological and behavioral determinants of language development /ed. Norman A. Krasnegor. Hillsdale : Lawrence Erlbaum, 1991</subfield>
  </datafield>
  <datafield tag="546" ind1=" " ind2=" ">
    <subfield code="a">Ingl&#xE9;s</subfield>
  </datafield>
  <datafield tag="942" ind1=" " ind2=" ">
    <subfield code="c">BDGR</subfield>
  </datafield>
  <datafield tag="773" ind1="0" ind2=" ">
    <subfield code="0">11055</subfield>
    <subfield code="9">9867</subfield>
    <subfield code="a"></subfield>
    <subfield code="b"></subfield>
    <subfield code="d">Hillsdale</subfield>
    <subfield code="o">02971</subfield>
    <subfield code="t">BIOLOGICAL and behavioral determinants of language development</subfield>
    <subfield code="w">(  AR-FADEU)  005233</subfield>
    <subfield code="x"></subfield>
    <subfield code="z">0-8058-0993-7</subfield>
  </datafield>
  <datafield tag="773" ind1="0" ind2=" ">
    <subfield code="0">11055</subfield>
    <subfield code="9">9868</subfield>
    <subfield code="a"></subfield>
    <subfield code="b"></subfield>
    <subfield code="d">Hillsdale</subfield>
    <subfield code="o">03495</subfield>
    <subfield code="t">BIOLOGICAL and behavioral determinants of language development</subfield>
    <subfield code="w">(  AR-FADEU)  005233</subfield>
    <subfield code="x"></subfield>
    <subfield code="z">0-8058-0993-7</subfield>
  </datafield>
  <datafield tag="999" ind1=" " ind2=" ">
    <subfield code="c">11060</subfield>
    <subfield code="d">11060</subfield>
  </datafield>
</record>
